000 00434nam a2200169 4500
999 _c1741
_d1741
003 OSt
005 20210320122710.0
008 150511b xxu||||| |||| 00| 0 eng d
040 _c040a
082 _a630 AGR 1998
100 _aCoffey, Elizabeth
_94590
245 _aAgricultural Finance:
_bgetting the policies right
300 _aix, 71p :
_c8 cm.
504 _aincludes index
650 _aAgriculture
_94591
942 _2ddc
_cSLOAN